| 000 | 01097nas a2200313 4500 | ||
|---|---|---|---|
| 001 | BR2011002334 | ||
| 003 | BR-BrBNA | ||
| 005 | 20231205115253.0 | ||
| 007 | ta | ||
| 008 | 230509b bl.|||p| |||| 00| 00por d | ||
| 040 |
_aBR-BrBNA _bpor _cBiblioteca Nacional de Agricultura |
||
| 041 | _a(Pt) | ||
| 072 | _aF04; F62 | ||
| 100 | 1 | _aCoelho, M.F.B. | |
| 100 | 1 | _aSouza, R.L.C. | |
| 100 | 1 | _aAlbuquerque, M.C.F. | |
| 100 | 1 | _aWeber, O.S. | |
| 100 | 1 | _aNogueira Borges, H.B. | |
| 245 | 1 | _aQualidade de mudas de nó-de-cachorro (Heteropteris aphrodisiaca O. Mach.)em diferentes substratos | |
| 650 | _aPLANTA MEDICINAL | ||
| 650 | _aSUBSTRATO DE CULTURA | ||
| 650 | _aRESPOSTA DA PLANTA | ||
| 650 | _aHETEROPTERIS APHRODISIACA | ||
| 650 | _aNÓ-DE-CACHORRO | ||
| 773 | 0 |
_tRevista Brasileira de Plantas Medicinais (Brazil) _xISSN 1516-0572 _g(Aug 2008), v. 10(3) p. 82-90 _wBR2011002334 |
|
| 856 | 4 |
_uhttp://www.ibb.unesp.br/servicos/publicacoes/rbpm/pdf_v10_n3_2008/artigo13_v10n3.pdf _yRecurso eletrônico (PDF) |
|
| 909 |
_a202311 _bLúcia _c55 _dLúcia Elande |
||
| 942 |
_2AGRIS _n0 _cANA |
||
| 999 |
_c212934 _d212934 |
||